000 01144cad a22002295a 4500
001 L148104
008 090728s2009 xxkbdo f 000 0 eng d
035 _a(Sirsi) u148104
041 0 _aeng
110 2 _aGVA Grimley
_93646
245 0 0 _aPlanning for prosperous economies
_bmaximising the role of the non B use class sector
_h[electronic resource]
260 _aLondon
_bGVA Grimley
_c2009
490 0 _aGVA Grimley Property Intelligence
_vSummer 2009
505 2 _aExecutive summary -- Introduction -- The B all and end all? -- Non B or NIMBY? --
520 _aEmployment Land Reviews are essential to manage land use effectively. They traditionally focussed on activities in the B business classes as presented in the Use Classes Order. This research recommends ways to improve the treatment of the non B Use Class Sector (non traditional employment) in the planning process.
521 _aAdvanced
590 _aKA
651 4 _aGreat Britain
_y1707-
690 _aPlanning and development
_96259
856 4 0 _uhttps://www.gvagrimley.co.uk/x4195.xml
_zView the research report free of charge at www.gvagrimley.co.uk...
942 _n0
999 _c109882
_d109882